UM Logo

The Great island: (Record no. 15672)

MARC details
000 -LEADER
fixed length control field 00580nam a22001577a 4500
008 - FIXED-LENGTH DATA ELEMENTS--GENERAL INFORMATION
fixed length control field 201016b ||||| |||| 00| 0 eng d
020 ## - INTERNATIONAL STANDARD BOOK NUMBER
International Standard Book Number 9-71550469-8 (pbk)
082 ## - DEWEY DECIMAL CLASSIFICATION NUMBER
Edition number 2004
Classification number DFil 959.97
Item number B46
100 ## - MAIN ENTRY--PERSONAL NAME
Personal name Bernad, Miguel A.
9 (RLIN) 42414
245 ## - TITLE STATEMENT
Title The Great island:
Remainder of title studies in the exploration and evangelization of Mindanao/
Statement of responsibility, etc. Miguel A. Bernad
260 ## - PUBLICATION, DISTRIBUTION, ETC. (IMPRINT)
Place of publication, distribution, etc. Quezon City:
Name of publisher, distributor, etc. ADMU Press,
Date of publication, distribution, etc. ©2004.
300 ## - PHYSICAL DESCRIPTION
Extent xiii, 305 ages:
Other physical details illustrations;
Dimensions 23 cm.
500 ## - GENERAL NOTE
General note Includes bibliographical references and index.
650 ## - SUBJECT ADDED ENTRY--TOPICAL TERM
Topical term or geographic name as entry element Mindanao -- History.
9 (RLIN) 42415
942 ## - ADDED ENTRY ELEMENTS (KOHA)
Source of classification or shelving scheme Dewey Decimal Classification
Koha item type Filipiniana
Holdings
Withdrawn status Lost status Source of classification or shelving scheme Damaged status Not for loan Collection code Home library Current library Date acquired Source of acquisition Total Checkouts Full call number Barcode Date last seen Price effective from Koha item type
    Dewey Decimal Classification     Filipiniana UM Digos College - LIC UM Digos College - LIC 09/26/2005 Purchase   DFil 959.97 B46g 2004 18289 05/15/2025 10/16/2020 Filipiniana